Inter Milan - Tous les joueurs (2020-) - Statistiques

Statistiques générales
  • Ce quiz a été pris 170 fois
  • Le résultat moyen est 29 sur 54
Statistiques - réponses
Saisons Nationalité Joueur Nb de matchs % Correct
2020- Argentine Lautaro Martinez 143
100%
2020- Italie Nicolo Barella 142
95%
2021- Pays-Bas Denzel Dumfries 96
93%
2021- Turquie Hakan Calhanoglu 97
93%
2020- Italie Alessandro Bastoni 120
92%
2020-2022, 2023- Chili Alexis Sanchez 78
92%
2021-2023 Bosnie-Herzégovine Edin Dzeko 69
91%
2020-2021, 2022-2023 Belgique Romelu Lukaku 61
90%
2023- France Marcus Thuram 33
88%
2020-2023 Croatie Marcelo Brozovic 96
87%
2023- Suisse Yann Sommer 33
86%
2020- Pays-Bas Stefan de Vrij 114
85%
2021- Italie Federico Dimarco 93
83%
2020-2023 Slovaquie Milan Skriniar 88
82%
2020-2023 Slovénie Samir Handanovic 88
82%
2020-2021 Maroc Achraf Hakimi 37
81%
2022- Arménie Henrikh Mkhitaryan 66
80%
2022-2023 Cameroun André Onana 24
79%
2023- France Benjamin Pavard 22
79%
2020-2021 Danemark Christian Eriksen 26
74%
2020-2022 Chili Arturo Vidal 51
72%
2022- Italie Francesco Acerbi 58
72%
2023-2024 Autriche Marko Arnautovic 26
69%
2020- Italie Matteo Darmian 114
69%
2020-2022 Croatie Ivan Perisic 67
63%
2022- Albanie Kristjan Asllani 42
57%
2023- Allemagne Yan Aurel Bisseck 15
52%
2021-2023 Argentine Joaquin Correa 52
50%
2021-2023 Allemagne Robin Gosens 39
50%
2023- Brésil Carlos Augusto 35
49%
2023- Italie Davide Frattesi 30
49%
2023- Colombie Juan Cuadrado 9
45%
2020-2022 Uruguay Matias Vecino 25
45%
2023- Canada Tajon Buchanan 8
45%
2020-2021 Angleterre Ashley Young 26
44%
2020-2023 Italie Danilo D'Ambrosio 54
39%
2020-2022, 2023- Italie Stefano Sensi 31
36%
2020-2023 Italie Roberto Gagliardini 65
31%
2020-2022 Roumanie Ionut Radu 3
30%
2023- Pays-Bas Davy Klaassen 13
26%
2020-2022 Serbie Aleksandar Kolarov 10
25%
2020-2021 Belgique Radja Nainggolan 4
24%
2023- France Lucien Agoumé 1
22%
2023- Italie Emil Audero 3
20%
2022-2023 Argentine Valentin Carboni 5
19%
2020-2022 Italie Andrea Ranocchia 14
18%
2021-2022 Uruguay Martin Satriano 4
17%
2021-2022 Equateur Felipe Caicedo 3
16%
2022-2023 Italie Raoul Bellanova 18
15%
2020-2021 Italie Andrea Pinamonti 8
11%
2020-2021 Italie Daniele Padelli 1
9%
2023- Nigeria Ebenezer Akinsanmiro 1
7%
2022-2023 Italie Alex Cordaz 1
6%
2021-2023 Italie Mattia Zanotti 3
6%
Aucun quiz correspondant
Distribution des résultats
% des personnes avec chaque résultat
Percentile par nombre de réponses
Votre historique - résultats
Vous n’avez pas pris ce quiz